000 01562nam a22002417a 4500
999 _c62571
_d62571
003 Ge_BSU
005 20241209144039.0
008 241209s2016 ge ||||| |||| 00| 0 geo d
020 _a9789941241390
041 _ageo
080 _a634(031)დ-31
100 _aდელვო, კატრინ.
_923917
245 _aმებაღეობის დიდი ენციკლოპედია /
_cტექსტის ავტორი კატრინ დელვო ; მხატვარი მიშელ ლოპე ; მთარგმნელები: შორენა ციცაგი, ქეთევან ქურციკიძე, თინა ბელიაშვილი ; რედაქტორი მანანა თურქია ; დიზაინერი რატი თორდია.
264 _aთბილისი :
_b პალიტრა L,
_c 2016.
300 _a384 გვ. :
_b26 სმ.
_cფოტ.
500 _aსაძიებელი: გვ. 374-382.
653 _aმებაღეობის დიდი ენციკლოპედია
700 _aციცაგი, შორენა
_eმთარგმნელი
_923918
700 _aქურციკიძე, ქეთევან
_eმთარგმნელი
_923919
700 _aბელიაშვილი, თინა
_eმთარგმნელი
_923920
700 _aთურქია, მანანა
_eრედაქტორი და სხვ.
_923921
942 _2udc
_cBK